000 01079nam0a22002531 4500
001 rc\1047703
005 20260407100148.0
035 _a(NLR Aleph) 006209541
090 _a6353595
_c6353595
100 _a20041129d1981 |||y0rusy50 ca
101 0 _arus
102 _aRU
105 _ay |||||||||
200 1 _aПсихолого-педагогические проблемы обучения и воспитания дошкольников
_eСб. статей
_fДушанб. гос. пед. ин-т им. Т.Г. Шевченко
_g[Отв. ред. Недоспасова В.А.]
210 _aДушанбе
_cДушанб. ГПИ
_d1981
215 _a80 с.
_d20
320 _aБиблиогр. в конце статей
702 1 _aНедоспасова
_bВ.А.
_gВера Александровна
_4340
712 0 2 _aДушанбинский педагогический институт им. Т. Г. Шевченко
_3RU\NLR\AUTH\889926077
_9347947
801 0 _aRU
_bNLR
_gpsbo
801 1 _aRU
_bELAR
_2rusmarc
852 _aNLR
_j82-4/4563
942 _cBOOK
980 _aNB